-
OTARI, DR. K.V. & PATANI. DR.PRAGNESH AND MISHRA, DR. PANKAJ
Entry Personal Name
Number of records used in: 1
001 - CONTROL NUMBER
003 - CONTROL NUMBER IDENTIFIER
005 - DATE AND TIME OF LATEST TRANSACTION
- control field:
20240930123049.0
008 - FIXED-LENGTH DATA ELEMENTS
- fixed length control field:
240930|| aca||aabn | a|a d
040 ## - CATALOGING SOURCE
- Original cataloging agency:
JRU
- Transcribing agency:
JRU
100 ## - HEADING--PERSONAL NAME
- Personal name:
OTARI, DR. K.V. & PATANI. DR.PRAGNESH AND MISHRA, DR. PANKAJ
670 ## - SOURCE DATA FOUND
- Source citation:
Work cat.: (JRU)8716: OTARI, DR. K.V. & PATANI. DR.PRAGNESH AND MISHRA, DR. PANKAJ, PHARMACOLOGY - II : B.PHARMA, 5TH SEMESTER